000 006370000a22002170004500
003 LK-CoMWRAF
005 20230829094735.0
008 230817t1979 ||||| |||| 00| 0 eng d
040 _aLK-CoMWRAF
_dLK-CoMWRAF
_eLK-CoMWRAF
041 _aeng
082 _a346.54
_bSHA
100 _aShafqat, C.M.
245 _aThe Muslim Marriage, Dower and Divorce
250 _aRevised Edition
260 _bLahore:
_a[Law Pub. Co]
_c1979
300 _axiv, 226 p. ; 24 cm.
_bIndex included
650 _aMarriage (Islamic law) -Pakistan
650 _aDower (Islamic law) -Pakistan
650 _aDivorce (Islamic law) -Pakistan
942 _cBK
999 _c2031
_d2031